| 000 | 01423cam a22004097a 4500 | ||
|---|---|---|---|
| 001 | 14167276 | ||
| 005 | 20161112101416.0 | ||
| 008 | 040224s2005 enka bd 000 0 eng d | ||
| 010 | _a 2005472639 | ||
| 015 | _aGBA4-Y1915 | ||
| 016 | 7 |
_a101239214 _2DNLM |
|
| 020 | _a1405105348 (pbk. : alk. paper) | ||
| 035 | _a(OCoLC)ocm56441223 | ||
| 040 |
_aNLM _cNLM _dUKM _dBWKUK _dBAKER _dDLC |
||
| 042 | _alccopycat | ||
| 050 | 0 | 0 |
_aRT21 _b.B53 2005 |
| 060 | 0 | 0 | _a2005 B-042 |
| 060 | 1 | 0 |
_aWY 13 _bB6325 2005 |
| 082 | 0 | 4 |
_aDRef 610.7303 _22005 _bB56 |
| 245 | 0 | 0 |
_aBlackwell's nursing dictionary / _ceditors, Dawn Freshwater and Sian E. Maslin-Prothero. |
| 246 | 3 | _aNursing dictionary | |
| 250 | _a2nd edition | ||
| 260 |
_aOxford : _bBlackwell, _cc2005. |
||
| 300 |
_axxi, 754 pages : _billustrations ; _c22 cm. |
||
| 500 | _aRev. ed. of: Blackwell's dictionary of nursing. 1994. | ||
| 504 | _aIncludes bibliographical references. | ||
| 650 | 0 |
_aNursing _vDictionaries. |
|
| 650 | 1 | 2 |
_aNursing _vDictionary _xEnglish. |
| 650 | 2 | 2 |
_aClinical Medicine _vDictionary _xEnglish. |
| 700 |
_aFreshwater, Dawn. _917175 _eEditor |
||
| 700 |
_aMaslin-Prothero, Sian. _917176 _eEditor |
||
| 730 | 0 | _aBlackwell's dictionary of nursing. | |
| 365 |
_b498.00 _cPhp |
||
| 906 |
_a7 _bcbc _ccopycat _d2 _encip _f20 _gy-gencatlg |
||
| 942 |
_2ddc _cDREF |
||
| 999 |
_c5577 _d5577 |
||